Stochastické modely zásob s rovnomerným rozdelením dopytu a ich aplikácia diplomová práca

Salvato in:
Dettagli Bibliografici
Autore principale: Mračková, Pavla
Ente Autore: Fakulta hospodárskej informatiky EU. Katedra operačného výskumu a ekonometrie
Altri autori: Čemická, Katarína
Natura: Libro
Lingua:slovacco
Pubblicazione: Bratislava 2012
Tags: Aggiungi Tag
Nessun Tag, puoi essere il primo ad aggiungerne!!

MARC

LEADER 00000nbm a2200000 4500
001 0154913
005 20161109102153.0
041 0 |a slo 
044 |a SK 
245 1 0 |a Stochastické modely zásob s rovnomerným rozdelením dopytu a ich aplikácia  |b diplomová práca  |c Pavla Mračková ; školiteľ: Katarína Čemická 
264 1 |a Bratislava  |c 2012 
300 |a 70 s. 
100 1 |a Mračková, Pavla 
700 1 |a Čemická, Katarína 
710 2 |a Fakulta hospodárskej informatiky EU. Katedra operačného výskumu a ekonometrie